El diván de la poesía árabe oriental y andalusí / (Record no. 181424)

MARC details
000 -LEADER
campo de control de longitud fija 00951nam a2200277 i 4500
001 - NÚMERO DE CONTROL
campo de control 181424
003 - IDENTIFICADOR DE NÚMERO DE CONTROL
campo de control ES-MaACL
005 - FECHA Y HORA DE LA ÚLTIMA TRANSACCIÓN
campo de control 20250910215348.0
008 - DATOS DE LONGITUD FIJA--INFORMACIÓN GENERAL
campo de control de longitud fija 130115s2012 sp |||| | spa d
020 ## - NÚMERO INTERNACIONAL ESTÁNDAR DEL LIBRO
Número Internacional Estándar del Libro 978-84-9895-049-6
080 ## - NÚMERO DE LA CLASIFICACIÓN DECIMAL UNIVERSAL
Número de la Clasificación Decimal Universal 821.411.21(460)-14"07/14"(082.2)
080 ## - NÚMERO DE LA CLASIFICACIÓN DECIMAL UNIVERSAL
Número de la Clasificación Decimal Universal 821.411.21-1(082.2)
100 1# - ENTRADA PRINCIPAL--NOMBRE DE PERSONA
Nombre de persona Sobh, Mahmud.
9 (RLIN) 106985
245 13 - MENCIÓN DEL TÍTULO
Título El diván de la poesía árabe oriental y andalusí /
Mención de responsabilidad, etc. Mahmud Sobh.
260 ## - PUBLICACIÓN, DISTRIBUCIÓN, ETC.
Lugar de publicación, distribución, etc. Madrid :
Nombre del editor, distribuidor, etc. Visor Libros,
Fecha de publicación, distribución, etc. 2012.
300 ## - DESCRIPCIÓN FÍSICA
Extensión 1427 p. ;
Dimensiones 24 cm.
490 1# - MENCIÓN DE SERIE
Mención de serie Visor de poesía maior ;
Designación de volumen o secuencia 16
546 ## - NOTA DE IDIOMA
Nota de lengua/lenguaje Texto en árabe y versión española.
650 04 - PUNTO DE ACCESO ADICIONAL DE MATERIA--TÉRMINO DE MATERIA
Término de materia o nombre geográfico como elemento de entrada Poesía árabe-
Subdivisión cronológica s. XXI
9 (RLIN) 235760
650 #4 - PUNTO DE ACCESO ADICIONAL DE MATERIA--TÉRMINO DE MATERIA
Término de materia o nombre geográfico como elemento de entrada Poesías árabes-
Subdivisión geográfica Al-Andalus.
9 (RLIN) 152061
655 #7 - TERMINO DE INDIZACIÓN--GENERO/FORMA
Fuente del término tgfbne
Datos o término principal de género/forma Poesías
9 (RLIN) 176539
830 0# - PUNTO DE ACCESO ADICIONAL DE SERIE-TÍTULO UNIFORME
Título uniforme Colección Visor de poesía. Serie maior
Designación de volumen o secuencia 16
9 (RLIN) 183011
852 ## - LOCALIZACIÓN
Ubicación ES-MaACL
Número de control de estantería A-12527
itemnumber 188324
Sublocalización o colección R.148813
Ubicación en estantería Depósito 1
Signatura antigua Olim: N-5530
942 ## - ELEMENTOS DE ENTRADA SECUNDARIOS (KOHA)
Fuente del sistema de clasificación o colocación Clasificación decimal universal
Tipo de ítem Koha Libro impreso
Holdings
Estatus retirado Estado de pérdida Fuente del sistema de clasificación o colocación Estado de daño No para préstamo Biblioteca de origen Biblioteca actual Ubicación en estantería Fecha de adquisición Fuente de adquisición Total de préstamos Signatura topográfica completa Código de barras Visto por última vez Precio de reemplazo Tipo de ítem Koha
    Clasificación decimal universal     Biblioteca del Ateneo de Madrid Biblioteca del Ateneo de Madrid Depósito 1 15/01/2013 Compra   A-12527 1190665 23/02/2023 23/02/2023 Libro impreso